000 00837nam a2200253 i 4500
001 8190
003 ES-MaACL
005 20250827062554.0
007 t|
008 920303s1991 sp ||||1| spa d
020 _a84-7398-765-9
080 _a351.83:347.91/95](46)(094.4)
110 1 _aEspaña
_93622
240 1 0 _aLeyes, etc., de procedimiento laboral
245 1 0 _aProcedimiento laboral /
_cselección de textos por Juan Montero Aroca.
260 _aMadrid :
_bCivitas,
_c1991.
300 _a189 p. ;
_c16 cm.
490 1 _aBiblioteca de legislación. Serie menor ;
_v80
650 4 _aProcedimiento laboral-
_zEspaña-
_vLegislación.
_916428
700 1 _aMontero Aroca, Juan.
_982507
830 0 _aBiblioteca de legislación. Serie menor ;
_v80
_9178079
852 _aES-MaACL
_jL-15393
_bR.119851
999 _c8190
_d8190